000 00485nam a2200169 4500
001 136971
003 ES-MaACL
005 20250929063203.0
007 t|
008 070214s1907 fr r ||||1| fre d
100 1 _aSaintyves, Pierre,
_d1870-1935
_9101565
245 1 3 _aLe miracle et la critique scientifique /
_cP. Saintyves [seud.].
260 _aHerbin? :
_b[s. n.],
_c1907.
300 _aVI, 102 p. ;
_c19 cm.
852 _aES-MaACL
_jF-9018
999 _c136971
_d136971